00000000nam##2200000za#4500
0019.662510
003CaOODSP
00520200401064330
007ta
008150407|2001||||xxc|||||     f|0| 0 fre|d
020 |a0-662-65483-8
040 |aCaOODSP|bfre
041 |aeng
041 |afre
043 |an-cn---
0861 |aFs23-329/2001
1101 |aCanada. |bMinistère des pêches et des océans.
24510|aAccroître la sensibilisation et la capacité : |bun plan d'action pour la poursuite du développement durable de 2001 à 2003
260 |aOttawa - Ontario : |bPêches et Océans Canada |c2001.
300 |aTexte français, vi, 62p. ; |c28 cm.
546 |aBilingue
563 |aCouverture souple
590 |a01-13|b2001-03-30
69107|aGestion de l'environnement|2gcpds
69107|aRessources naturelles|2gcpds
69107|aÉcosystème marin|2gcpds
7760#|tAccroître la sensibilisation et la capacité : |w(CaOODSP)9.630576
7760#|tBuilding awareness and capacity : |w(CaOODSP)9.686008
791 |tBuilding awareness and capacity : |eeng|w(CaOODSP)9.662509